La investigación de los movimientos sociales en perspectiva histórica: elementos para el debate /
Se presenta el número de la revista Intercambio, el cual está dedicado a los movimientos sociales en Centroamérica y el Cono Sur. Se plantea que en el estudio de los movimientos sociales del siglo XIX no subyace la noción de movimientos prepolíticos, y que los supuestos teóricos y políticos con los...
Enregistré dans:
| Auteur principal: | |
|---|---|
| Format: | Texte |
| Sujets: | |
| Tags: |
Ajouter un tag
Pas de tags, Soyez le premier à ajouter un tag!
|
MARC
| LEADER | 00000 a a2200000 04500 | ||
|---|---|---|---|
| 001 | 41265 | ||
| 003 | |||
| 040 | |||
| 100 | |a Menjívar Ochoa, Mauricio | ||
| 245 | |a La investigación de los movimientos sociales en perspectiva histórica: |b elementos para el debate / |c Mauricio Menjívar Ochoa | ||
| 520 | |a Se presenta el número de la revista Intercambio, el cual está dedicado a los movimientos sociales en Centroamérica y el Cono Sur. Se plantea que en el estudio de los movimientos sociales del siglo XIX no subyace la noción de movimientos prepolíticos, y que los supuestos teóricos y políticos con los cuales los mismos fueron leídos distaron de ser homogéneos. Se presentan diversos análisis históricos de épocas relevantes en la historia de los países centroamericanos. | ||
| 590 | |a EFU/MARZO2012 | ||
| 650 | |a COMENTARIO | ||
| 650 | |a CENTROAMERICA | ||
| 650 | |a MOVIMIENTOS SOCIALES | ||
| 650 | |a ANALISIS HISTORICO | ||
| 740 | |a Viejas preocupaciones - Nuevos abordajes? : |b movimientos sociales en Centroamérica y el Cono Sur | ||
| 773 | |g volumen4, número5 (2007), páginas 5-12 | ||
| 999 | |c 21836 |d 21836 | ||
